| 000 | 00480 a2200169 4500 | ||
|---|---|---|---|
| 003 | OSt | ||
| 005 | 20231227151029.0 | ||
| 008 | 231227b |||||||| |||| 00| 0 eng d | ||
| 020 | _a9789387155909 | ||
| 040 | _coclc | ||
| 082 |
_a891.431 _bGIL/Y |
||
| 100 |
_aGil, Gagan _910217 |
||
| 245 |
_aYAH AAKANKSHA SAMAY NAHIN / _cGagan Gill |
||
| 260 |
_aNew Delhi: _bVani Prakashan, _c2020. |
||
| 300 | _a119p | ||
| 942 |
_2ddc _cBK _h891.431 _iGIL/Y _k891.431 _mGIL/Y |
||
| 999 |
_c43589 _d43589 |
||